Jetpunk - Reconnaissance rapide - Click quiz - Statistiques

Statistiques générales
  • Ce quiz a été pris 91 fois
  • Le résultat moyen est 18 sur 21
Statistiques - réponses
Hint Réponse % Correct
Tpneuk J
88%
Euknjp T
88%
Ukentp J
87%
Nkjetp U
87%
Kjpntu E
86%
Putnkj E
86%
Nkjtue P
86%
Kjeupt N
86%
Jptnuk E
84%
Jknuet P
84%
Untejp K
84%
Kunpte J
83%
Kenjpu T
83%
Kunjet P
83%
Pnkejt U
83%
Puetjk N
83%
Eunkjp T
81%
Ukjtep N
81%
Jepunt K
81%
Jpkten U
77%
Tejnpu K
75%
Aucun quiz correspondant
Distribution des résultats
% des personnes avec chaque résultat
Percentile par nombre de réponses
Votre historique - résultats
Vous n’avez pas pris ce quiz